| 000 | 00559nam a2200193 4500 | ||
|---|---|---|---|
| 001 | vtls002033348 | ||
| 003 | NLI | ||
| 005 | 20210629113708.0 | ||
| 008 | 190220 00 eng | ||
| 020 | _a9789386526700 | ||
| 039 | 9 |
_y201902201737 _zswarups |
|
| 100 | 1 |
_aMisra, Pooja _91238954 |
|
| 245 | 1 | 0 |
_aWhat's in a name?everything!: _byou were notborn to be a mediocre |
| 260 |
_aPune: _bPooja Misra Production, _c2018 |
||
| 887 | _a | ||
| 903 | _aswarups | ||
| 999 |
_aVIRTUA4 _c1319085 _d1319085 |
||
| 942 |
_2ddc _cBKS |
||
| 999 | _aVTLSSORT0080*0200*1000*2450*2600*9030*9992 | ||